Rossini
Guardat en:
| Autor principal: | |
|---|---|
| Format: | Llibre |
| Idioma: | espanyol |
| Publicat: |
París
Hispano-Americana
1910
|
| Col·lecció: | Los Grandes Músicos
|
| Matèries: | |
| Etiquetes: |
Afegir etiqueta
Sense etiquetes, Sigues el primer a etiquetar aquest registre!
|
MARC
| LEADER | 00000nam a2200000 a 4500 | ||
|---|---|---|---|
| 001 | UCN2192 | ||
| 003 | CL-VaPUC | ||
| 008 | 010511e19100000FR |||||||||||||||||spa|d | ||
| 082 | 0 | 4 | |a 780.92 |b IRI |2 21 |
| 100 | 0 | |a Iribarne, F |e author |9 457896 | |
| 245 | 1 | 0 | |a Rossini |
| 300 | |a 192 p | ||
| 942 | |c BK | ||
| 945 | |d 20010511 00:00:00 |a crobeson | ||
| 260 | |a París |b Hispano-Americana |c 1910 | ||
| 600 | 0 | |a Rossini, Gioachino Antonio |9 457897 | |
| 650 | 0 | |a Compositores italianos |9 329309 | |
| 650 | 7 | |a OPERA ITALIANA |2 CL-VaPUC |9 457898 | |
| 650 | 7 | |a MUSICA SIGLO 19 |2 CL-VaPUC |9 457899 | |
| 583 | |a last modification |c 20010511 00:00:00 |k Rodrigo Vera | ||
| 490 | 0 | |a Los Grandes Músicos | |
| 999 | |c 295350 |d 295348 | ||
| 952 | |0 0 |1 0 |4 0 |6 780_920000000000000_IRI_1910 |7 0 |8 A |9 348337 |a BIBEDU |b BIBEDU |d 2019-11-20 |i 1182072 |o 780.92 IRI 1910 |p 1182072 |r 2023-01-12 |w 2019-11-20 |y BK |k MUS | ||